000
00296nam a22001337a 4500
008
170524b xxu||||| |||| 00| 0 eng d
020
_a
9781557386243
041
_a
eng
080
_a
621.3
100
_a
26
101
_a
IM
245
_a
EDI A GUIDE ELECTRONIC
_c
MOYNHAN.J.J
942
_2
udc
_c
BK
999
_c
14163
_d
14163